| 000 | 00766nam a2200169Ia 4500 | ||
|---|---|---|---|
| 005 | 20260302160848.0 | ||
| 008 | 260302s9999 xx 000 0 und d | ||
| 020 | _a9780230603790 | ||
| 082 |
_a338.922 _bZAH |
||
| 100 | _aZahariadis, Nikolaos | ||
| 245 | 0 |
_aState Subsidies in the Global Economy / _cZahariadis, Nikolaos |
|
| 260 |
_bPalgrave MacMillan, _c2008 |
||
| 300 | _a216 pages | ||
| 520 | _aUsing figures from European Union members, the volume highlights the conditional effects of globalization, asset specificity, and domestic institutions. Far from being impotent, democratic states face politically powerful pressures to continue to shield social actors from the vagaries of the global market. | ||
| 650 | _aBusiness & Economics | ||
| 942 | _cENGLISH | ||
| 999 |
_c616624 _d616624 |
||